| 000 | 01119nam a2200301 i 4500 | ||
|---|---|---|---|
| 001 | 000025783 | ||
| 003 | DO-SdBNP | ||
| 005 | 20241112100640.0 | ||
| 007 | ta | ||
| 008 | 110222s1992 dr 000 0 spa d | ||
| 040 |
_aDO-SdBNP _bspa _cBNPHU _erda |
||
| 082 |
_a344.729301 _bR426co, 1992 _222 |
||
| 110 | 1 |
_aRepública Dominicana. _bSecretaría de Estado de Trabajo _9491 |
|
| 245 | 1 | 0 |
_aCódigo de trabajo de la República Dominicana : _bley 16-92 promulgada el 29 de mayo de 1992. |
| 246 | 1 | 4 | _aCódigo de la República Dominicana |
| 264 |
_aSanto Domingo : _bSecretaria de Estado de Trabajo, _c1992. |
||
| 300 |
_a155 páginas ; _c23 cm. |
||
| 336 |
_ardacontent _btexto _2txt |
||
| 337 |
_ardamedia _bsin mediación _2n |
||
| 338 |
_ardacarrier _bvolumen _2nc |
||
| 590 | _aInventariado,2018/DG | ||
| 650 | 4 |
_aDerecho laboral _xLegislación _zRepública Dominicana _97806 |
|
| 650 | 4 |
_aLegislación laboral _zRepública Dominicana _911733 |
|
| 650 | 4 |
_aLeyes _zRepública Dominicana _93033 |
|
| 651 | 4 |
_aRepública Dominicana _xLey 16-92 _952585 |
|
| 910 | _aValidado. Control de calidad. MFF | ||
| 942 |
_2ddc _cLBS1 |
||
| 999 |
_c25275 _d25275 |
||